000 00583cam a22001457a 4500
008 180718b2004 xxu||||| |||| 00| 0 eng d
082 _aAPPPA 2003-04 BHA/5
100 _aBhardwaj, Promila
245 _aEconomic reforms and their implications for the small scale sector: a need for creating an enabling environment
_cby Promila Bhardwaj
260 _aNew Delhi
_bIndian Institute of Public Administration
_c2004
300 _a163p.
500 _aAn APPPA M.Phil dissertation, 2003-04 (Guide: Dr. S.K. Bhattacharya)
650 _aEconomic reforms
650 _aIndustries, Small scale
999 _c492942
_d492942